Catálogo
 En Linea

Out of the sun / (Registro nro. 19383)

Detalles MARC
000 -CABECERA
campo de control de longitud fija 00556cam a22001691i 4500
001 - NÚMERO DE CONTROL
campo de control 000019870
005 - FECHA Y HORA DE LA ÚLTIMA TRANSACCIÓN
campo de control 20200929170154.0
008 - DATOS DE LONGITUD FIJA--INFORMACIÓN GENERAL
campo de control de longitud fija 770105s1943 xxu j 000 0 eng
040 ## - FUENTE DE LA CATALOGACIÓN
Centro catalogador/agencia de origen DO-SdBNP
Centro/agencia transcriptor spa
Centro/agencia modificador BNPHU
082 ## - NÚMERO DE LA CLASIFICACIÓN DECIMAL DEWEY
Número de clasificación xxxx
Número de documento/Ítem M787o
100 1# - ENTRADA PRINCIPAL--NOMBRE DE PERSONA
Nombre de persona Montgomery, Rutherford George,
Fechas asociadas al nombre 1896-
9 (RLIN) 42397
245 10 - MENCIÓN DE TÍTULO
Título Out of the sun /
Mención de responsabilidad, etc. Rutherford G. Montgomery ; illustrated by Clayton Knight.
260 ## - PUBLICACIÓN, DISTRIBUCIÓN, ETC.
Lugar de publicación, distribución, etc. Philadelphia :
Nombre del editor, distribuidor, etc. D. McKay,
Fecha de publicación, distribución, etc. 1943.
300 ## - DESCRIPCIÓN FÍSICA
Extensión 254 p. :
Otras características físicas ill. ;
Dimensiones 21 cm.
700 1# - PUNTO DE ACCESO ADICIONAL--NOMBRE DE PERSONA
Nombre de persona Knight, Clayton,
Término indicativo de función/relación ill.
9 (RLIN) 3528
910 ## - DATOS DE OPCIÓN DEL USUARIO (OCLC)
Datos de opción del usuario Catalogación derivada / LC
Existencias
Estado de retiro Estado de pérdida Restricciones de uso No para préstamo Código de colección Localización permanente Ubicación/localización actual Ubicación en estantería Fecha de adquisición Número de inventario Total de préstamos Signatura topográfica completa Código de barras Fecha visto por última vez Precio válido a partir de Tipo de ítem Koha
      Excluido de préstamo Monografías: Libros y Folletos General General En catalogación 08.07.2010 LF1   xxxx M787o 19870-10 25.06.2020 25.06.2020 No se presta

Con tecnología Koha